Countries from 'M' by Tourist Attractions - Statistics

General Stats
  • This quiz has been taken 22 times
  • The average score is 11 of 17
Answer Stats
Picture Answer % Correct
Mexico
95%
Madagascar
85%
Malaysia
85%
Maldives
75%
Myanmar
75%
Mali
70%
Marshall Islands
70%
Monaco
65%
Mauritania
60%
Mongolia
60%
Mauritius
55%
Moldova
55%
Malawi
50%
Montenegro
45%
Mozambique
45%
Morocco
40%
Malta
35%
No matching quizzes found
Score Distribution
Percent of People with Each Score
Percentile by Number Answered
Your Score History
You have not taken this quiz